Ekonomičeskaja gazeta ježenedel'nik Central'nogo komiteta KPSS

Salvato in:
Dettagli Bibliografici
Natura: Periodico
Lingua:russo
Pubblicazione: Moskva Pravda 1966
Tags: Aggiungi Tag
Nessun Tag, puoi essere il primo ad aggiungerne!!

MARC

LEADER 00000nas2a22000001 4500
001 0012623
005 20250730114310.3
041 0 |a rus 
044 |a RU 
245 1 0 |a Ekonomičeskaja gazeta  |b ježenedel'nik Central'nogo komiteta KPSS 
264 1 |a Moskva  |b Pravda  |c 1966 
300 |a 2 zv. 
773 0 |w eu_un_cat*s121045